Provinces of the Solomon Islands - Statistics

General Stats
  • This quiz has been taken 1,465 times
  • The average score is 6 of 10
Answers on the Map
Answers color-coded by a green-red scale on the quiz's map according to % correct below.
 
Answer Stats
Answers % Correct
Capital Territory
90%
Guadalcanal
67%
Choiseul
61%
Western
61%
Central
59%
Isabel
55%
Malaita
47%
Rennell & Bellona
47%
Temotu
46%
Makira-Ulawa
45%
No matching quizzes found
Score Distribution
Percent of People with Each Score
Percentile by Number Answered
Your Score History
You have not taken this quiz